[Event "FIDE World Youth U16 Chess Olympiad SLOVAKIA 2016"]
[Site "Poprad Tatry SLOVAKIA"]
[Date "2016.07.22"]
[Round "1"]
[Board "1"]
[White "Maghsoodloo, Parham"]
[Black "Sahidi, Samir"]
[Result "1-0"]
[WhiteElo "2501"]
[BlackElo "2216"]
[PlyCount "49"]
[EventDate "2016.07.22"]
[EventType "team"]
[EventRounds "9"]
[EventCountry "SVK"]
[WhiteTeam "Iran"]
[BlackTeam "Slovakia 2"]

1. Nf3 Nf6 2. g3 d5 3. Bg2 Bf5 4. d3 h6 5. O-O e6 6. c4 c6 7. cxd5 exd5 8. Be3
Bd6 9. Qb3 Qd7 10. Bd4 Be7 11. Nc3 Na6 12. Rac1 Bd8 13. Ne5 Qe7 14. Qa4 Nc7 15.
e4 dxe4 16. dxe4 Bd7 17. Nxd7 Qxd7 18. Rfd1 Qe6 19. Nd5 Nb5 20. Nf4 Qe7 21. e5
Ng4 22. Bc5 Qg5 23. e6 f5 24. Qa6 Be7 25. Qxb7 1-0

[Event "FIDE World Youth U16 Chess Olympiad SLOVAKIA 2016"]
[Site "Poprad Tatry SLOVAKIA"]
[Date "2016.07.22"]
[Round "1"]
[Board "2"]
[White "Haring, Filip"]
[Black "Firouzja, Alireza"]
[Result "0-1"]
[WhiteElo "2155"]
[BlackElo "2481"]
[PlyCount "82"]
[EventDate "2016.07.22"]
[EventType "team"]
[EventRounds "9"]
[EventCountry "SVK"]
[WhiteTeam "Slovakia 2"]
[BlackTeam "Iran"]

1. e4 c5 2. Nf3 d6 3. d4 cxd4 4. Nxd4 Nf6 5. Nc3 a6 6. Be3 e5 7. Nb3 Be6 8. f4
exf4 9. Bxf4 Nc6 10. Qe2 Nd7 11. O-O-O Nce5 12. h3 Be7 13. Nd5 Bxd5 14. exd5
O-O 15. Kb1 Rc8 16. g4 Bg5 17. Bg3 Nc4 18. Qh2 Ne3 19. Bd3 Nxd1 20. Rxd1 Be7
21. h4 Nc5 22. Nxc5 Rxc5 23. g5 Qd7 24. Qe2 Rcc8 25. Bf2 Rce8 26. Bd4 f5 27.
Qf3 Bd8 28. Rf1 Re7 29. b3 Qe8 30. Kb2 Re5 31. Qf4 b5 32. Qg3 Rxd5 33. Bc3 Bb6
34. Qf3 Qf7 35. h5 g6 36. hxg6 hxg6 37. Qf4 Rc8 38. Bc4 bxc4 39. Rh1 Re5 40.
Bxe5 dxe5 41. Qxe5 Qg7 0-1

[Event "FIDE World Youth U16 Chess Olympiad SLOVAKIA 2016"]
[Site "Poprad Tatry SLOVAKIA"]
[Date "2016.07.22"]
[Round "1"]
[Board "3"]
[White "Gholami, Aryan"]
[Black "Bango, Lukas"]
[Result "1-0"]
[WhiteElo "2454"]
[BlackElo "2109"]
[PlyCount "75"]
[EventDate "2016.07.22"]
[EventType "team"]
[EventRounds "9"]
[EventCountry "SVK"]
[WhiteTeam "Iran"]
[BlackTeam "Slovakia 2"]

1. c4 e5 2. Nc3 Nc6 3. Nf3 g6 4. g3 Bg7 5. Bg2 f5 6. d3 Nf6 7. O-O O-O 8. Rb1
a5 9. a3 d6 10. b4 axb4 11. axb4 h6 12. b5 Ne7 13. Nd2 g5 14. Qb3 Kh8 15. Ba3
f4 16. c5 Nf5 17. b6 fxg3 18. fxg3 Ne3 19. bxc7 Qe8 20. cxd6 Be6 21. Qb2 Nxg2
22. Kxg2 Qh5 23. Rxf6 Rxf6 24. Nde4 Qh3+ 25. Kg1 Rf7 26. e3 Bd7 27. Nd5 Raf8
28. Qe2 Ra8 29. Bb2 Raf8 30. Ba3 Ra8 31. Bb2 Raf8 32. Ne7 Bg4 33. Ng6+ Kg8 34.
Qg2 Qh5 35. Nxf8 Bh3 36. g4 Bxg4 37. Ng3 Qh4 38. Ng6 1-0

[Event "FIDE World Youth U16 Chess Olympiad SLOVAKIA 2016"]
[Site "Poprad Tatry SLOVAKIA"]
[Date "2016.07.22"]
[Round "1"]
[Board "4"]
[White "Tomcikova, Dominika"]
[Black "Tahbaz, Arash"]
[Result "0-1"]
[WhiteElo "1877"]
[BlackElo "2406"]
[PlyCount "64"]
[EventDate "2016.07.22"]
[EventType "team"]
[EventRounds "9"]
[EventCountry "SVK"]
[WhiteTeam "Slovakia 2"]
[BlackTeam "Iran"]

1. e4 c5 2. Nc3 e6 3. f4 a6 4. a4 Nc6 5. Nf3 d6 6. g3 Nf6 7. Bg2 Be7 8. d3 O-O
9. O-O Qc7 10. Qe2 Rb8 11. e5 Nd7 12. exd6 Bxd6 13. Ne4 Be7 14. Be3 h6 15. d4
b6 16. dxc5 Nxc5 17. Nxc5 bxc5 18. b3 Bb7 19. Nd2 Na5 20. Bxb7 Qxb7 21. Nc4
Nxc4 22. Qxc4 Rbd8 23. f5 Bf6 24. Rae1 exf5 25. Qxc5 Rd5 26. Qb6 Qa8 27. Qb4
Rc8 28. c4 Rd3 29. Qa3 Rxe3 30. Rxe3 Bd4 31. Qc1 Re8 32. Rfe1 Qf3 0-1

[Event "FIDE World Youth U16 Chess Olympiad SLOVAKIA 2016"]
[Site "Poprad Tatry SLOVAKIA"]
[Date "2016.07.22"]
[Round "1"]
[Board "1"]
[White "Chan, Kris"]
[Black "Golubov, Saveliy"]
[Result "0-1"]
[WhiteElo "2187"]
[BlackElo "2497"]
[PlyCount "60"]
[EventDate "2016.07.22"]
[EventType "team"]
[EventRounds "9"]
[EventCountry "SVK"]
[WhiteTeam "Australia"]
[BlackTeam "Russia"]

1. d4 Nf6 2. c4 g6 3. Nc3 Bg7 4. e4 d6 5. h3 O-O 6. Bg5 h6 7. Be3 e5 8. d5 Na6
9. Nf3 Nc5 10. Qc2 a5 11. g4 Nfd7 12. Be2 a4 13. O-O f5 14. gxf5 gxf5 15. Kh2
fxe4 16. Nd2 Qh4 17. Rg1 Nf6 18. Rg3 Nd3 19. Rag1 Kh8 20. Ncxe4 Nxe4 21. Nxe4
Nf4 22. Bf1 Nh5 23. Ng5 Bf5 24. Rg4 Qxg4 25. hxg4 Bxc2 26. Ne6 Nf4 27. Nxf8
Rxf8 28. Kg3 Bf6 29. Bxf4 exf4+ 30. Kxf4 Bd4+ 0-1

[Event "FIDE World Youth U16 Chess Olympiad SLOVAKIA 2016"]
[Site "Poprad Tatry SLOVAKIA"]
[Date "2016.07.22"]
[Round "1"]
[Board "2"]
[White "Lobanov, Sergei"]
[Black "Bhat, Vishal"]
[Result "1-0"]
[WhiteElo "2433"]
[BlackElo "2107"]
[PlyCount "95"]
[EventDate "2016.07.22"]
[EventType "team"]
[EventRounds "9"]
[EventCountry "SVK"]
[WhiteTeam "Russia"]
[BlackTeam "Australia"]

1. e4 e5 2. Nf3 Nc6 3. Bb5 a6 4. Ba4 Nf6 5. O-O Be7 6. Re1 b5 7. Bb3 d6 8. c3
O-O 9. h3 Nb8 10. d4 Nbd7 11. Nbd2 Bb7 12. a4 c5 13. Bc2 Qc7 14. Nf1 Rfc8 15.
d5 c4 16. g4 Nc5 17. a5 Rcb8 18. Ng3 g6 19. Bh6 Bc8 20. Qd2 Nb7 21. Nf5 Bd8 22.
Ng7 Qd7 23. Nh2 Bxa5 24. f4 Bb6+ 25. Kh1 Nc5 26. Nf3 Nxg4 27. hxg4 Qxg4 28. Nh2
Qh3 29. fxe5 Bg4 30. Rf1 Nd7 31. e6 Ne5 32. exf7+ Nxf7 33. Rxf7 Kxf7 34. Rf1+
Kg8 35. Nf5 gxf5 36. Qg5+ Kf7 37. Qg7+ Ke8 38. exf5 Kd8 39. f6 Qh5 40. Be4 Bd7
41. f7 Kc7 42. f8=Q Rxf8 43. Rxf8 Qd1+ 44. Rf1 Qe2 45. Bf5 Qe8 46. Bxd7 Qe4+
47. Nf3 Qe2 48. Bc6+ 1-0

[Event "FIDE World Youth U16 Chess Olympiad SLOVAKIA 2016"]
[Site "Poprad Tatry SLOVAKIA"]
[Date "2016.07.22"]
[Round "1"]
[Board "3"]
[White "Cannon, David"]
[Black "Sarana, Alexey"]
[Result "1/2-1/2"]
[WhiteElo "2093"]
[BlackElo "2422"]
[PlyCount "58"]
[EventDate "2016.07.22"]
[EventType "team"]
[EventRounds "9"]
[EventCountry "SVK"]
[WhiteTeam "Australia"]
[BlackTeam "Russia"]

1. e4 c5 2. c3 d5 3. exd5 Qxd5 4. d4 Nf6 5. Nf3 Bg4 6. Be2 e6 7. O-O Be7 8. Be3
cxd4 9. cxd4 Nc6 10. Nc3 Qd6 11. h3 Bh5 12. Qb3 O-O 13. Rad1 Nb4 14. Rfe1 a6
15. Ne5 Bxe2 16. Rxe2 b5 17. Bf4 Nbd5 18. Bg3 Nxc3 19. bxc3 Qd5 20. c4 bxc4 21.
Nxc4 Rac8 22. Ne5 Rfd8 23. Qe3 Qb5 24. Nxf7 Kxf7 25. Qxe6+ Kg6 26. Re5 Qa4 27.
Qf5+ Kf7 28. Qe6+ Kg6 29. Qf5+ Kf7 1/2-1/2

[Event "FIDE World Youth U16 Chess Olympiad SLOVAKIA 2016"]
[Site "Poprad Tatry SLOVAKIA"]
[Date "2016.07.22"]
[Round "1"]
[Board "4"]
[White "Obolentseva, Alexandra"]
[Black "Chan, Luis"]
[Result "1-0"]
[WhiteElo "2336"]
[BlackElo "1953"]
[PlyCount "97"]
[EventDate "2016.07.22"]
[EventType "team"]
[EventRounds "9"]
[EventCountry "SVK"]
[WhiteTeam "Russia"]
[BlackTeam "Australia"]

1. d4 Nf6 2. c4 g6 3. Nc3 d5 4. Nf3 Bg7 5. e3 O-O 6. cxd5 Nxd5 7. Bc4 Nb6 8.
Bb3 c5 9. O-O cxd4 10. Nxd4 N8d7 11. Qe2 a6 12. Rd1 Qc7 13. Ne4 Nc5 14. Nxc5
Qxc5 15. Bd2 e6 16. Rac1 Qe7 17. a3 Rd8 18. Ba5 Bxd4 19. exd4 Qd6 20. Qe3 Rd7
21. Bb4 Nd5 22. Bxd5 Qxd5 23. Rc5 Qa2 24. Qc3 Rd8 25. Ba5 Re8 26. h3 Bd7 27. b3
Bc6 28. Ra1 Qe2 29. Re5 Be4 30. Re1 Qd3 31. R5xe4 Qxc3 32. Bxc3 Rac8 33. Ba5
Rc2 34. d5 Rc5 35. dxe6 fxe6 36. Bb4 Rc6 37. Rd4 b6 38. Rd6 Rxd6 39. Bxd6 Kf7
40. Rc1 b5 41. Rc6 Ra8 42. b4 Kf6 43. Rc7 h5 44. Kf1 Kf5 45. Ke2 Rd8 46. Bc5
Ra8 47. Ke3 Ke5 48. Be7 a5 49. Rc5# 1-0

[Event "FIDE World Youth U16 Chess Olympiad SLOVAKIA 2016"]
[Site "Poprad Tatry SLOVAKIA"]
[Date "2016.07.22"]
[Round "1"]
[Board "1"]
[White "Martirosyan, Haik M."]
[Black "Schneider, Jana"]
[Result "1-0"]
[WhiteElo "2450"]
[BlackElo "2135"]
[PlyCount "117"]
[EventDate "2016.07.22"]
[EventType "team"]
[EventRounds "9"]
[EventCountry "SVK"]
[WhiteTeam "Armenia"]
[BlackTeam "Germany 3"]

1. d4 Nf6 2. c4 e6 3. Nc3 Bb4 4. Qc2 O-O 5. a3 Bxc3+ 6. Qxc3 b5 7. cxb5 a6 8.
Bg5 axb5 9. e3 Ba6 10. Nf3 Nc6 11. Bxf6 Qxf6 12. b4 Qd8 13. Bd3 Ne7 14. O-O f5
15. Rfc1 Nd5 16. Qb3 Rb8 17. Ne5 Rb6 18. Rc5 c6 19. Rc2 Qe8 20. Be2 d6 21. Nd3
Bc8 22. Bf3 Nf6 23. Rac1 Bd7 24. g3 Kh8 25. a4 bxa4 26. Qxa4 Nd5 27. Qa7 Rb8
28. Bxd5 exd5 29. Qc7 Rf6 30. Ra2 Rc8 31. Qa7 f4 32. Nxf4 g5 33. Ng2 Bh3 34.
Qa3 Rh6 35. Ne1 Bd7 36. f3 Re6 37. Re2 Qf7 38. g4 Rce8 39. h3 Rf6 40. Rf2 Kg7
41. Rcc2 Rf8 42. Qd3 h5 43. Rg2 hxg4 44. hxg4 Rh8 45. Rh2 Rfh6 46. Rxh6 Rxh6
47. Rh2 Rg6 48. Rh5 Qe7 49. Kg2 Be8 50. Kg3 Kg8 51. Ng2 Re6 52. Rh1 Bg6 53. Qc3
Qe8 54. Rc1 c5 55. bxc5 dxc5 56. Qxc5 Qb8+ 57. Qc7 Qb4 58. Qd8+ Re8 59. Qxd5+
 1-0

[Event "FIDE World Youth U16 Chess Olympiad SLOVAKIA 2016"]
[Site "Poprad Tatry SLOVAKIA"]
[Date "2016.07.22"]
[Round "1"]
[Board "2"]
[White "Rogozenco, Teodora"]
[Black "Hakobyan, Aram"]
[Result "0-1"]
[WhiteElo "2044"]
[BlackElo "2382"]
[PlyCount "84"]
[EventDate "2016.07.22"]
[EventType "team"]
[EventRounds "9"]
[EventCountry "SVK"]
[WhiteTeam "Germany 3"]
[BlackTeam "Armenia"]

1. d4 Nf6 2. c4 e6 3. Nc3 Bb4 4. Qc2 c5 5. dxc5 Qc7 6. Nf3 Bxc5 7. Bg5 a6 8. e3
Be7 9. Bd3 d6 10. O-O Nbd7 11. Rfd1 b6 12. Be4 Rb8 13. Qa4 O-O 14. Bf4 Nc5 15.
Qc6 Qa7 16. Bxd6 Bxd6 17. Rxd6 Nfxe4 18. Nxe4 Bb7 19. Qc7 Nxe4 20. Rd7 Nf6 21.
Re7 Rbe8 22. Rxe8 Nxe8 23. Qe7 Qb8 24. Rd1 Nf6 25. Ne5 h5 26. Rd6 Ne4 27. Rxb6
Qxe5 28. Rxb7 Qf5 29. f3 Nc5 30. Rb6 Qb1+ 31. Kf2 Nd3+ 32. Kg3 Qe1+ 33. Kh3
Nf2+ 34. Kh4 Qxe3 35. Qd6 g5+ 36. Kxh5 Kg7 37. Rb8 Rxb8 38. Qxb8 Nd3 39. Qb7
Nf4+ 40. Kxg5 Ng6+ 41. Kh5 Qh6+ 42. Kg4 Qh4# 0-1

[Event "FIDE World Youth U16 Chess Olympiad SLOVAKIA 2016"]
[Site "Poprad Tatry SLOVAKIA"]
[Date "2016.07.22"]
[Round "1"]
[Board "3"]
[White "Mirzoyan, David"]
[Black "Muetsch, Annmarie"]
[Result "1-0"]
[WhiteElo "2297"]
[BlackElo "2048"]
[PlyCount "151"]
[EventDate "2016.07.22"]
[EventType "team"]
[EventRounds "9"]
[EventCountry "SVK"]
[WhiteTeam "Armenia"]
[BlackTeam "Germany 3"]

1. c4 e5 2. Nc3 Nc6 3. g3 g6 4. Bg2 Bg7 5. e3 f5 6. Nge2 Nf6 7. d3 O-O 8. O-O
d6 9. Rb1 a5 10. a3 g5 11. f4 h6 12. b4 axb4 13. axb4 Ne7 14. Qb3 Kh8 15. b5 c6
16. bxc6 bxc6 17. Qc2 Be6 18. c5 Nfd5 19. Nxd5 cxd5 20. cxd6 Qxd6 21. fxe5 Qxe5
22. Nd4 Bg8 23. Rb7 Rfc8 24. Qd2 Rab8 25. Rxb8 Rxb8 26. Ba3 Re8 27. Bxe7 Rxe7
28. Nxf5 Rf7 29. g4 Bh7 30. Nxg7 Rxf1+ 31. Bxf1 Kxg7 32. Qf2 Qc3 33. Qe2 Qe5
34. Qf3 Bg6 35. h3 Kh7 36. d4 Qe6 37. Qg3 Be4 38. Qc7+ Kg6 39. Bb5 Bb1 40. Kf2
Be4 41. Bd7 Qf6+ 42. Ke1 Qf8 43. Qb6+ Kg7 44. Ba4 Qe7 45. Qb5 Bg2 46. Kd2 Qf7
47. Bd1 Bxh3 48. Qe2 Bf1 49. Qh2 Qe7 50. Qb8 Bg2 51. Bc2 Bf3 52. Bf5 h5 53.
gxh5 Bxh5 54. Qb6 Qf7 55. Qb1 Bf3 56. Bd3 Bh5 57. Qg1 Qf6 58. Qg3 Bg6 59. Qc7+
Kh6 60. Qh2+ Kg7 61. Be2 Be4 62. Bg4 Qe7 63. Qe5+ Qxe5 64. dxe5 Kf7 65. Ke2 Kg6
66. Kf2 Bh1 67. Kg3 Be4 68. Be6 Bh1 69. Kg4 Be4 70. Bd7 Bd3 71. Be8+ Kg7 72.
Kxg5 Be4 73. e6 Kf8 74. Bg6 Ke7 75. Bxe4 dxe4 76. Kf5 1-0

[Event "FIDE World Youth U16 Chess Olympiad SLOVAKIA 2016"]
[Site "Poprad Tatry SLOVAKIA"]
[Date "2016.07.22"]
[Round "1"]
[Board "4"]
[White "Leser, Katrin"]
[Black "Grigoryan, Arpine"]
[Result "0-1"]
[WhiteElo "2025"]
[BlackElo "1894"]
[PlyCount "86"]
[EventDate "2016.07.22"]
[EventType "team"]
[EventRounds "9"]
[EventCountry "SVK"]
[WhiteTeam "Germany 3"]
[BlackTeam "Armenia"]

1. e4 c6 2. Nc3 d5 3. Nf3 Nf6 4. e5 Ne4 5. Ne2 Qb6 6. d4 e6 7. Nfg1 f6 8. f3
Ng5 9. exf6 gxf6 10. f4 Ne4 11. Ng3 Qc7 12. Bd3 f5 13. Nf3 Nd7 14. Ng5 Ndf6 15.
Bxe4 dxe4 16. Nh5 Qe7 17. b3 h6 18. Nxf6+ Qxf6 19. Qh5+ Kd7 20. Qf7+ Be7 21.
Qxf6 Bxf6 22. Nf7 Rg8 23. g3 Bxd4 24. Rb1 b6 25. Ba3 c5 26. Rd1 Kc7 27. Ne5 Bb7
28. Ke2 a5 29. Rb1 h5 30. Bb2 h4 31. Bxd4 cxd4 32. Rbg1 Ba6+ 33. Ke1 h3 34. g4
fxg4 35. Rxg4 Rxg4 36. Nxg4 e3 37. c4 Rf8 38. Rf1 Bb7 39. Ke2 Bg2 40. Rd1 Rxf4
41. Ne5 Kd6 42. Ng6 Bf3+ 43. Ke1 Rg4 0-1

[Event "FIDE World Youth U16 Chess Olympiad SLOVAKIA 2016"]
[Site "Poprad Tatry SLOVAKIA"]
[Date "2016.07.22"]
[Round "1"]
[Board "1"]
[White "Walter, Szymon"]
[Black "Bashirli, Nail"]
[Result "1-0"]
[WhiteElo "2206"]
[BlackElo "2414"]
[PlyCount "69"]
[EventDate "2016.07.22"]
[EventType "team"]
[EventRounds "9"]
[EventCountry "SVK"]
[WhiteTeam "Poland 1"]
[BlackTeam "Azerbaijan"]

1. e4 c5 2. Nf3 d6 3. d4 cxd4 4. Nxd4 Nf6 5. Nc3 a6 6. Be3 e5 7. Nb3 Be6 8. h3
Be7 9. f4 exf4 10. Bxf4 Nc6 11. Qe2 Nd7 12. O-O-O Nce5 13. Nd4 Rc8 14. Qe3 O-O
15. Nf5 Bxf5 16. exf5 Re8 17. g4 Qa5 18. Kb1 Bh4 19. Qd4 Nb6 20. Bc1 Nec4 21.
Bxc4 Nxc4 22. Nd5 f6 23. g5 Bxg5 24. Bxg5 fxg5 25. f6 Qb5 26. a4 Qxa4 27. Ne7+
Rxe7 28. fxe7 Qb5 29. Rd3 Qc6 30. Re1 b5 31. Rc3 d5 32. b3 b4 33. Rxc4 dxc4 34.
Qd8+ Kf7 35. e8=Q+ 1-0

[Event "FIDE World Youth U16 Chess Olympiad SLOVAKIA 2016"]
[Site "Poprad Tatry SLOVAKIA"]
[Date "2016.07.22"]
[Round "1"]
[Board "2"]
[White "Mammadzada, Gunay"]
[Black "Garbowski, Jakub"]
[Result "1-0"]
[WhiteElo "2353"]
[BlackElo "2102"]
[PlyCount "109"]
[EventDate "2016.07.22"]
[EventType "team"]
[EventRounds "9"]
[EventCountry "SVK"]
[WhiteTeam "Azerbaijan"]
[BlackTeam "Poland 1"]

1. e4 e5 2. Nf3 Nc6 3. Bb5 a6 4. Ba4 Nf6 5. O-O Be7 6. Re1 b5 7. Bb3 O-O 8. d4
d6 9. c3 Bg4 10. Be3 exd4 11. cxd4 Na5 12. Bc2 Nc4 13. Bc1 c5 14. b3 Nb6 15.
Nbd2 Rc8 16. Bb2 Re8 17. e5 dxe5 18. dxe5 Bxf3 19. Nxf3 Qxd1 20. Raxd1 Nfd5 21.
Bf5 Rcd8 22. Be4 Nc7 23. g3 Rxd1 24. Rxd1 Rd8 25. Rxd8+ Bxd8 26. Nd2 Be7 27.
Kf1 g6 28. Ke2 Kf8 29. f4 Ke8 30. a4 Kd7 31. a5 Nbd5 32. f5 Nb4 33. e6+ fxe6
34. fxg6 hxg6 35. Bxg6 Nc6 36. h4 Nxa5 37. h5 Bf8 38. g4 Nd5 39. g5 c4 40. bxc4
Nxc4 41. Nxc4 bxc4 42. Kf3 c3 43. Bc1 a5 44. h6 Ne7 45. Bc2 Nf5 46. Kg4 Nd4 47.
g6 Nf5 48. Bxf5 exf5+ 49. Kxf5 Bxh6 50. Bxh6 Ke7 51. Bg7 c2 52. Bb2 Kf8 53. Kf6
a4 54. Bc1 Kg8 55. Ba3 1-0

[Event "FIDE World Youth U16 Chess Olympiad SLOVAKIA 2016"]
[Site "Poprad Tatry SLOVAKIA"]
[Date "2016.07.22"]
[Round "1"]
[Board "3"]
[White "Antolak, Julia"]
[Black "Asadli, Vugar"]
[Result "0-1"]
[WhiteElo "2059"]
[BlackElo "2411"]
[PlyCount "72"]
[EventDate "2016.07.22"]
[EventType "team"]
[EventRounds "9"]
[EventCountry "SVK"]
[WhiteTeam "Poland 1"]
[BlackTeam "Azerbaijan"]

1. e4 g6 2. d4 Bg7 3. Nc3 d6 4. h3 a6 5. a4 Nc6 6. Nf3 Nf6 7. Bd3 O-O 8. O-O e5
9. Be3 Nd7 10. Ne2 exd4 11. Nexd4 Nxd4 12. Bxd4 Bxd4 13. Nxd4 Qf6 14. c3 Re8
15. Re1 Ne5 16. Bf1 b6 17. Qc2 Bb7 18. Rad1 Re7 19. Re3 Rae8 20. Rde1 h5 21. b4
h4 22. Kh1 Qf4 23. Kg1 Nd7 24. Bd3 Nf6 25. Rf3 Qg5 26. Rfe3 c5 27. bxc5 bxc5
28. Nf3 Qf4 29. Nd2 d5 30. exd5 Rxe3 31. fxe3 Qg3 32. Nf3 Nxd5 33. Rb1 Rxe3 34.
Rxb7 Rxf3 35. Bxg6 Ne3 36. Bh7+ Kh8 0-1

[Event "FIDE World Youth U16 Chess Olympiad SLOVAKIA 2016"]
[Site "Poprad Tatry SLOVAKIA"]
[Date "2016.07.22"]
[Round "1"]
[Board "4"]
[White "Muradli, Mahammad"]
[Black "Szmer, Aleksander"]
[Result "1-0"]
[WhiteElo "2325"]
[BlackElo "1808"]
[PlyCount "85"]
[EventDate "2016.07.22"]
[EventType "team"]
[EventRounds "9"]
[EventCountry "SVK"]
[WhiteTeam "Azerbaijan"]
[BlackTeam "Poland 1"]

1. d4 b5 2. e3 Bb7 3. Nf3 a6 4. c4 bxc4 5. Bxc4 e6 6. O-O Nf6 7. Nc3 d5 8. Bd3
Nbd7 9. Na4 c5 10. dxc5 Nxc5 11. Nxc5 Bxc5 12. b4 Bd6 13. Bb2 O-O 14. a3 Re8
15. Ne5 h6 16. Bd4 Nd7 17. f4 f5 18. g4 Bxe5 19. fxe5 Qg5 20. Rf4 h5 21. h4
Qxh4 22. gxh5 Qg3+ 23. Kf1 Qh2 24. Qe2 Qg3 25. Rf2 Kf7 26. Rg2 Qh4 27. Kg1 Rh8
28. Rh2 Qg3+ 29. Kh1 g6 30. Rg1 Qxh2+ 31. Kxh2 Rxh5+ 32. Kg2 Rah8 33. Kf1 Rh2
34. Rg2 Rh1+ 35. Kf2 Rc1 36. Bxa6 Ba8 37. Bb2 Rb1 38. Qc2 Rhh1 39. Be2 d4 40.
Qc8 dxe3+ 41. Kxe3 Rh3+ 42. Kf2 Nxe5 43. Bxe5 1-0

[Event "FIDE World Youth U16 Chess Olympiad SLOVAKIA 2016"]
[Site "Poprad Tatry SLOVAKIA"]
[Date "2016.07.22"]
[Round "1"]
[Board "1"]
[White "Vogel, Roven"]
[Black "Stefansson, Vignir Vatnar"]
[Result "1-0"]
[WhiteElo "2425"]
[BlackElo "2171"]
[PlyCount "61"]
[EventDate "2016.07.22"]
[EventType "team"]
[EventRounds "9"]
[EventCountry "SVK"]
[WhiteTeam "Germany 1"]
[BlackTeam "Iceland"]

1. Nf3 Nf6 2. c4 e6 3. d4 c5 4. Nc3 cxd4 5. Nxd4 d5 6. Bf4 a6 7. e3 Nbd7 8. Bg3
dxc4 9. Bxc4 Nc5 10. O-O b5 11. Be2 Bb7 12. Bf3 Rc8 13. Bxb7 Nxb7 14. Qf3 Na5
15. Rfd1 Qb6 16. Rac1 Qb7 17. Qxb7 Nxb7 18. Ne4 Rxc1 19. Nxf6+ gxf6 20. Rxc1 e5
21. Rc7 Nd6 22. Nc6 h5 23. f3 Bh6 24. e4 O-O 25. Ne7+ Kh7 26. Rc6 Rd8 27. Nd5
Kg7 28. Bf2 f5 29. Bh4 Rd7 30. Bf6+ Kf8 31. Rxd6 1-0

[Event "FIDE World Youth U16 Chess Olympiad SLOVAKIA 2016"]
[Site "Poprad Tatry SLOVAKIA"]
[Date "2016.07.22"]
[Round "1"]
[Board "2"]
[White "Birkisson, Bardur Orn"]
[Black "Urban, Konstantin"]
[Result "1/2-1/2"]
[WhiteElo "2048"]
[BlackElo "2329"]
[PlyCount "58"]
[EventDate "2016.07.22"]
[EventType "team"]
[EventRounds "9"]
[EventCountry "SVK"]
[WhiteTeam "Iceland"]
[BlackTeam "Germany 1"]

1. d4 Nf6 2. Nf3 g6 3. Bg5 Bg7 4. Nbd2 c5 5. c3 O-O 6. e4 cxd4 7. cxd4 d5 8. e5
Ne4 9. Be3 Nc6 10. Be2 f6 11. exf6 exf6 12. O-O f5 13. g3 Be6 14. Rc1 h6 15.
Ne5 Nxe5 16. dxe5 Bxe5 17. Bxh6 Rf7 18. Nxe4 dxe4 19. Qxd8+ Rxd8 20. b3 Bf6 21.
Be3 b6 22. Rc6 Bd5 23. Rxf6 Rxf6 24. Bg5 Kg7 25. Rd1 Rd7 26. Bb5 Rff7 27. Bxd7
Rxd7 28. Kf1 Bc4+ 29. Ke1 Rxd1+ 1/2-1/2

[Event "FIDE World Youth U16 Chess Olympiad SLOVAKIA 2016"]
[Site "Poprad Tatry SLOVAKIA"]
[Date "2016.07.22"]
[Round "1"]
[Board "3"]
[White "Buckels, Valentin"]
[Black "Birkisson, Bjorn Holm"]
[Result "1-0"]
[WhiteElo "2332"]
[BlackElo "1977"]
[PlyCount "69"]
[EventDate "2016.07.22"]
[EventType "team"]
[EventRounds "9"]
[EventCountry "SVK"]
[WhiteTeam "Germany 1"]
[BlackTeam "Iceland"]

1. d4 d5 2. c4 c6 3. e3 Nf6 4. Nf3 a6 5. b3 b5 6. Bd3 Bg4 7. Bb2 e6 8. O-O Bd6
9. Nbd2 O-O 10. Qc2 Bh5 11. Ne5 Bg6 12. Nxg6 hxg6 13. f4 Ng4 14. Rae1 f5 15.
Nf3 Nd7 16. h3 Nh6 17. Qf2 Be7 18. Qg3 Kh7 19. Rc1 Nf7 20. cxd5 cxd5 21. Rc6
Nd6 22. Ba3 Nb8 23. Ng5+ Kg8 24. Rxd6 Bxd6 25. Qh4 Qxg5 26. Qxg5 Bxa3 27. Qxg6
Rf6 28. Qe8+ Kh7 29. Qc8 Rf8 30. Qb7 Nd7 31. Qxd7 Rad8 32. Qb7 Rd6 33. Qe7 Rfd8
34. Rf3 R8d7 35. Qe8 1-0

[Event "FIDE World Youth U16 Chess Olympiad SLOVAKIA 2016"]
[Site "Poprad Tatry SLOVAKIA"]
[Date "2016.07.22"]
[Round "1"]
[Board "4"]
[White "Heimisson, Hilmir Freyr"]
[Black "Sieber, Fiona"]
[Result "1/2-1/2"]
[WhiteElo "1974"]
[BlackElo "2177"]
[PlyCount "100"]
[EventDate "2016.07.22"]
[EventType "team"]
[EventRounds "9"]
[EventCountry "SVK"]
[WhiteTeam "Iceland"]
[BlackTeam "Germany 1"]

1. d4 Nf6 2. c4 e6 3. Nc3 Bb4 4. e3 O-O 5. Bd3 c5 6. Nge2 Nc6 7. O-O cxd4 8.
exd4 d5 9. Bg5 Be7 10. Rc1 Nb4 11. c5 b6 12. cxb6 Nxd3 13. Qxd3 Qxb6 14. b3 Ba6
15. Qf3 Rfc8 16. Rfd1 Ba3 17. Na4 Qd8 18. Rxc8 Rxc8 19. Nec3 h6 20. Bh4 Be7 21.
Nc5 Bxc5 22. dxc5 g5 23. Bg3 Rxc5 24. Ne4 Nxe4 25. Qxe4 dxe4 26. Rxd8+ Kg7 27.
h4 Bd3 28. Rd7 Ra5 29. h5 Be2 30. b4 Rxa2 31. Be5+ Kf8 32. Bf6 Bb5 33. Rd8+ Be8
34. Rd4 Ra4 35. Kh2 a6 36. Kg1 e5 37. Bxe5 f5 38. Rd6 Bxh5 39. Rxh6 Bg4 40.
Bd6+ Kg7 41. Re6 Kf7 42. Re5 Kf6 43. Ra5 Rxa5 44. bxa5 Be2 45. Bc7 f4 46. Bb6
Kf5 47. g3 Kg4 48. gxf4 gxf4 49. Kg2 Bf3+ 50. Kf1 Kf5 1/2-1/2

[Event "FIDE World Youth U16 Chess Olympiad SLOVAKIA 2016"]
[Site "Poprad Tatry SLOVAKIA"]
[Date "2016.07.22"]
[Round "1"]
[Board "1"]
[White "Lee, Qing Aun"]
[Black "Havasi, Gergo"]
[Result "0-1"]
[WhiteElo "2250"]
[BlackElo "2372"]
[PlyCount "92"]
[EventDate "2016.07.22"]
[EventType "team"]
[EventRounds "9"]
[EventCountry "SVK"]
[WhiteTeam "Singapore"]
[BlackTeam "Hungary 1"]

1. e4 e5 2. Nf3 Nc6 3. c3 Nf6 4. d4 exd4 5. e5 Nd5 6. Qb3 Nb6 7. cxd4 d5 8. a4
a5 9. Bb5 Be7 10. Qc2 O-O 11. Bd2 Bg4 12. Bc3 Nb4 13. Bxb4 Bxb4+ 14. Nbd2 Bxf3
15. gxf3 Qh4 16. O-O-O Qxd4 17. Qf5 g6 18. Rhg1 Qxf2 19. Qg5 c6 20. Bd3 Nxa4
21. Bc2 Nxb2 22. Kxb2 Qd4+ 23. Ka2 Qc3 24. Bf5 Qa3+ 25. Kb1 Bc3 26. Kc2 Bd4 27.
Rc1 Qb2+ 28. Kd1 Bxg1 29. Qxg1 Qxe5 30. Bd3 a4 31. Qf2 a3 32. f4 Qb2 33. Rc2
Qb4 34. Ra2 Qc3 35. Bc2 c5 36. f5 Ra6 37. Qg2 Qd4 38. Kc1 c4 39. Nf3 Qe3+ 40.
Kd1 d4 41. Bb1 Rb6 42. Nd2 Re8 43. fxg6 Qe1+ 44. Kc2 d3+ 45. Kc3 Qe5+ 46. Kxc4
Rc8+ 0-1

[Event "FIDE World Youth U16 Chess Olympiad SLOVAKIA 2016"]
[Site "Poprad Tatry SLOVAKIA"]
[Date "2016.07.22"]
[Round "1"]
[Board "2"]
[White "Kozak, Adam"]
[Black "Woong, Zhi Wei William"]
[Result "1-0"]
[WhiteElo "2364"]
[BlackElo "2008"]
[PlyCount "75"]
[EventDate "2016.07.22"]
[EventType "team"]
[EventRounds "9"]
[EventCountry "SVK"]
[WhiteTeam "Hungary 1"]
[BlackTeam "Singapore"]

1. d4 d5 2. c4 e6 3. Nc3 Be7 4. cxd5 exd5 5. Bf4 c6 6. Qc2 Bd6 7. Bxd6 Qxd6 8.
e3 Qg6 9. Qd2 Nd7 10. Nge2 Ne7 11. Ng3 O-O 12. Bd3 Qd6 13. O-O Nf6 14. Rab1 h5
15. h3 h4 16. Nge2 Bf5 17. b4 b5 18. a4 a6 19. f3 Bxd3 20. Qxd3 Nh5 21. e4 Rad8
22. Qd2 Ng3 23. Nxg3 Qxg3 24. Ne2 Qd6 25. e5 Qd7 26. Rbc1 bxa4 27. Nc3 Rb8 28.
Nxa4 Qb7 29. Rb1 Rfd8 30. Nc5 Qb5 31. Qg5 Kf8 32. Qxh4 Nf5 33. Qf4 g6 34. e6
fxe6 35. Nxe6+ Kg8 36. Qg5 Rd7 37. Qxg6+ Ng7 38. Ng5 1-0